| 000 | 00495nam a22001937a 4500 | ||
|---|---|---|---|
| 003 | OSt | ||
| 005 | 20140310182832.0 | ||
| 008 | 130603t xxu||||| |||| 00| 0 eng d | ||
| 050 |
_aTX 910.5 _b.H656 1957 |
||
| 082 |
_aM 338.609 _bH56 1957 |
||
| 245 |
_aBe My Guest _cHilton, Conrad |
||
| 260 |
_aUnited States of America _bPrentice-Hall, Inc. _cc1957 |
||
| 300 | _a288 p. | ||
| 521 | _acollege students | ||
| 526 | _c1210L-1700L | ||
| 541 | _j1 | ||
| 562 | _e1 | ||
| 942 |
_2lcc _cBK _kM |
||
| 999 |
_c16655 _d16655 |
||